000 00295nam a2200109Ia 4500
008 170221s9999 xx 000 0 und d
245 _aTable of Contents (page 1)
260 _c2013
300 _a2 : 2
650 _xBusiness
856 _uhttp://onlinelibrary.wiley.com/doi/10.1111/jbfa.12143/pdf
999 _c311650
_d311650